000 00598nam a2200205Ia 4500
008 131103s9999 xx 000 0 und d
040 _aLoreto College
041 _aEnglish
082 _a820.9/ALB
_bLCLIB/14223
100 _aAlbert, Edward
245 2 _aA History of English literature
_cEdward Albert; revised by J.A.Stone
250 _a3rd. ed.
260 _aLondon
_bGeorge G.harrap
_c1960
300 _a624p..
_c 19 cm.
504 _aIncludes index
650 _aEnglish Literature - History and criticism
700 _aStone, J.A.; rev.
850 _aLCLIB/820.9/ALB
942 _cBK
999 _c24662
_d75141